A valuer's guide to the RICS Red Book (Record no. 106012)

MARC details
000 -LEADER
fixed length control field 01501cam a2200277 4500
001 - CONTROL NUMBER
control field L135344
008 - FIXED-LENGTH DATA ELEMENTS--GENERAL INFORMATION
fixed length control field 061017n2006 000 0 eng u
020 ## - INTERNATIONAL STANDARD BOOK NUMBER
International Standard Book Number 1842193023
-- 9781842193020
035 ## - SYSTEM CONTROL NUMBER
System control number (Sirsi) u135344
041 0# - LANGUAGE CODE
Language code of text/sound track or separate title eng
050 04 - LIBRARY OF CONGRESS CALL NUMBER
Classification number 333.332 $2 18
100 1# - MAIN ENTRY--PERSONAL NAME
Personal name Cherry, Andrew
245 02 - TITLE STATEMENT
Title A valuer's guide to the RICS Red Book
260 ## - PUBLICATION, DISTRIBUTION, ETC.
Place of publication, distribution, etc. Coventry
Name of publisher, distributor, etc. RICS Books
Date of publication, distribution, etc. 2006
300 ## - PHYSICAL DESCRIPTION
Extent xxii, 144p.
Dimensions 21cm.
350 ## - PRICE (NR) (BK AM CF MU VM SE) [OBSOLETE]
Price 24.99
505 2# - FORMATTED CONTENTS NOTE
Formatted contents note Qualifications and conflicts of interest -- Terms of engagement with the client -- Valuation bases -- Inspections and material considerations -- Valuation reports -- Valuations for loan facilities -- Regulated purpose valuation -- The monitoring of valuation -- Specialist valuations
520 ## - SUMMARY, ETC.
Summary, etc. Guide the "RICS appraisal and valuation standards" or the Red Book. Discusses the principal aims and standards contained in the Red Book, and compliance and interaction with RICS by-laws and rules of conduct. Discusses confidentiality and conflict management, valuations subject to marketing constraints, revaluation without inspection, existing use valuation, depreciated replacement cost, financial reporting standards, lending, and rotation of personal and excluded valuations.
520 ## - SUMMARY, ETC.
Summary, etc. Superseded by 2nd edition (ISBN 9781842193532).
590 ## - LOCAL NOTE (RLIN)
Local note KA
650 24 - SUBJECT ADDED ENTRY--TOPICAL TERM
Topical term or geographic name entry element RICS appraisal and valuation standards
651 #4 - SUBJECT ADDED ENTRY--GEOGRAPHIC NAME
Geographic name United Kingdom
Chronological subdivision
690 ## - LOCAL SUBJECT ADDED ENTRY--TOPICAL TERM (OCLC, RLIN)
Topical term or geographic name as entry element PROPERTY-PROPERTY APPRAISAL AND VALUATION
942 ## - ADDED ENTRY ELEMENTS (KOHA)
Suppress in OPAC 0
Holdings
Withdrawn status Lost status Source of classification or shelving scheme Damaged status Not for loan Home library Current library Shelving location Date acquired Total Checkouts Full call number Barcode Date last seen Copy number Price effective from Koha item type
    Dewey Decimal Classification     London London RICS Boxes 09/01/2007   333.332 CHE 30073568 06/08/2019 1 06/08/2019 Archive
    Dewey Decimal Classification     London London RICS Boxes 02/02/2007   RICS 2006/52 30073567 06/08/2019 1 06/08/2019 Archive
    Dewey Decimal Classification     London London Books 14/03/2014   RICS 2006/52 30078217 06/08/2019 2 06/08/2019 Book